[Event "January Lviv Tradition"]
[Site "Lviv"]
[Date "2017.01.26"]
[Round "7.5"]
[White "Bunyatov, Rustam"]
[Black "Lagashin, Pavel"]
[Result "0-1"]
[BlackElo "2207"]
[WhiteElo "2254"]
[LiveChessVersion "1.4.8"]

1. e4 {[%clk 1:30:14]} c5 {[%clk 1:30:55]} 2. Nf3 {[%clk 1:30:41]} Nc6
{[%clk 1:31:16]} 3. Bb5 {[%clk 1:31:08]} g6 {[%clk 1:31:39]} 4. O-O
{[%clk 1:31:26]} Bg7 {[%clk 1:32:07]} 5. Re1 {[%clk 1:31:45]} e5 {[%clk 1:32:27]}
6. d3 {[%clk 1:27:06]} Nge7 {[%clk 1:32:26]} 7. Be3 {[%clk 1:26:14]} d6
{[%clk 1:32:46]} 8. Qd2 {[%clk 1:26:02]} Bg4 {[%clk 1:32:22]} 9. Ng5
{[%clk 1:24:53]} h6 {[%clk 1:31:45]} 10. h3 {[%clk 1:23:21]} Bh5 {[%clk 1:30:47]}
11. Nxf7 {[%clk 1:22:53]} Kxf7 {[%clk 1:31:11]} 12. g4 {[%clk 1:22:42]} Nd4
{[%clk 1:27:24]} 13. Bxd4 {[%clk 1:22:38]} cxd4 {[%clk 1:27:16]} 14. Bc4+
{[%clk 1:22:19]} Ke8 {[%clk 1:26:45]} 15. Be6 {[%clk 1:09:19]} Bxg4
{[%clk 1:16:18]} 16. hxg4 {[%clk 1:04:51]} Nc6 {[%clk 1:15:01]} 17. Na3
{[%clk 0:58:54]} Qh4 {[%clk 1:11:23]} 18. f3 {[%clk 0:57:13]} Ke7
{[%clk 1:11:16]} 19. Bd5 {[%clk 0:57:25]} Raf8 {[%clk 1:11:18]} 20. Rf1
{[%clk 0:55:09]} Bf6 {[%clk 1:11:40]} 21. Qh2 {[%clk 0:54:15]} h5
{[%clk 1:10:44]} 22. Qxh4 {[%clk 0:51:02]} Bxh4 {[%clk 1:11:10]} 23. Kg2
{[%clk 0:42:41]} Rf4 {[%clk 1:11:11]} 24. Rh1 {[%clk 0:43:00]} hxg4
{[%clk 1:11:28]} 25. Raf1 {[%clk 0:43:04]} g5 {[%clk 1:09:23]} 26. fxg4
{[%clk 0:42:25]} Rxg4+ {[%clk 1:09:42]} 27. Kf3 {[%clk 0:42:21]} Rf4+
{[%clk 1:09:43]} 28. Ke2 {[%clk 0:42:21]} Rhf8 {[%clk 1:08:06]} 29. Bxc6
{[%clk 0:40:14]} Rf2+ {[%clk 1:08:17]} 30. Rxf2 {[%clk 0:40:39]} Rxf2+
{[%clk 1:08:40]} 31. Kd1 {[%clk 0:41:02]} bxc6 {[%clk 1:09:02]} 32. Nc4
{[%clk 0:41:22]} Ke6 {[%clk 1:09:07]} 33. Nd2 {[%clk 0:41:38]} d5
{[%clk 1:09:13]} 34. Rf1 {[%clk 0:41:40]} Rxf1+ {[%clk 1:09:11]} 35. Nxf1
{[%clk 0:42:00]} dxe4 {[%clk 1:09:36]} 36. dxe4 {[%clk 0:42:23]} g4
{[%clk 1:08:42]} 37. Nh2 {[%clk 0:42:39]} g3 {[%clk 1:08:59]} 38. Nf3
{[%clk 0:43:07]} g2 {[%clk 1:09:02]} 39. Ke2 {[%clk 0:43:29]} c5 {[%clk 1:07:35]}
40. b3 {[%clk 0:43:27]} Kf6 {[%clk 1:07:57]} 41. Ng1 {[%clk 0:43:03]} Bg3
{[%clk 1:07:51]} 42. Kf3 {[%clk 0:43:15]} Bh2 {[%clk 1:08:16]} 43. Kxg2
{[%clk 0:43:19]} Bxg1 {[%clk 1:08:42]} 0-1

[Event "January Lviv Tradition"]
[Site "Lviv"]
[Date "2017.01.27"]
[Round "8.2"]
[White "Sevostianov, Pavel"]
[Black "Bunyatov, Rustam"]
[Result "1/2-1/2"]
[BlackElo "2254"]
[WhiteElo "2262"]
[LiveChessVersion "1.4.8"]

1. e4 {[%clk 1:30:55]} e5 {[%clk 1:30:59]} 2. Nf3 {[%clk 1:31:03]} Nf6
{[%clk 1:31:28]} 3. Nxe5 {[%clk 1:31:24]} d6 {[%clk 1:31:54]} 4. Nf3
{[%clk 1:31:49]} Nxe4 {[%clk 1:32:20]} 5. Qe2 {[%clk 1:32:10]} Qe7
{[%clk 1:32:46]} 6. d3 {[%clk 1:32:36]} Nf6 {[%clk 1:33:13]} 7. Bg5
{[%clk 1:32:56]} Qxe2+ {[%clk 1:33:36]} 8. Bxe2 {[%clk 1:33:20]} Be7
{[%clk 1:34:02]} 9. Nc3 {[%clk 1:33:39]} c6 {[%clk 1:34:25]} 10. O-O-O
{[%clk 1:34:03]} O-O {[%clk 1:34:44]} 11. Rhe1 {[%clk 1:34:29]} Bg4
{[%clk 1:34:45]} 12. Nd4 {[%clk 1:34:27]} Bxe2 {[%clk 1:34:03]} 13. Rxe2
{[%clk 1:34:52]} Bd8 {[%clk 1:34:28]} 14. Rde1 {[%clk 1:35:01]} Nbd7
{[%clk 1:34:27]} 15. Nf5 {[%clk 1:31:24]} d5 {[%clk 1:34:04]} 16. Bf4
{[%clk 1:31:09]} Ba5 {[%clk 1:34:16]} 17. Bd2 {[%clk 1:31:20]} Bc7
{[%clk 1:34:19]} 18. h3 {[%clk 1:31:20]} Rfe8 {[%clk 1:34:39]} 19. Rxe8+
{[%clk 1:31:22]} Rxe8 {[%clk 1:35:04]} 20. Rxe8+ {[%clk 1:31:47]} Nxe8
{[%clk 1:35:32]} 21. Ne2 {[%clk 1:31:54]} Nd6 {[%clk 1:35:52]} 22. Nxd6
{[%clk 1:32:07]} Bxd6 {[%clk 1:36:17]} 23. Bf4 {[%clk 1:32:32]} Bxf4+
{[%clk 1:36:39]} 24. Nxf4 {[%clk 1:32:51]} Kf8 {[%clk 1:37:03]} 25. Kd2
{[%clk 1:33:14]} g6 {[%clk 1:37:28]} 26. Ke3 {[%clk 1:33:26]} Ke7
{[%clk 1:37:52]} 27. d4 {[%clk 1:33:43]} Nf8 {[%clk 1:38:09]} 28. g4
{[%clk 1:33:51]} Ne6 {[%clk 1:38:32]} 29. Nxe6 {[%clk 1:34:11]} Kxe6
{[%clk 1:38:58]} 30. Kf4 {[%clk 1:34:36]} f6 {[%clk 1:39:18]} 31. h4 1/2-1/2

[Event "January Lviv Tradition"]
[Site "Lviv"]
[Date "2017.01.27"]
[Round "8.3"]
[White "Nesteretz, Anatoliy"]
[Black "Terletsky, Oleg"]
[Result "1-0"]
[BlackElo "2312"]
[WhiteElo "2416"]
[LiveChessVersion "1.4.8"]

1. d4 {[%clk 1:30:58]} Nf6 {[%clk 1:30:53]} 2. c4 {[%clk 1:31:24]} g6
{[%clk 1:31:19]} 3. Nf3 {[%clk 1:31:34]} Bg7 {[%clk 1:31:42]} 4. g3
{[%clk 1:32:00]} O-O {[%clk 1:32:04]} 5. Bg2 {[%clk 1:32:27]} d6 {[%clk 1:32:28]}
6. O-O {[%clk 1:32:51]} Nbd7 {[%clk 1:32:54]} 7. Nc3 {[%clk 1:32:38]} e5
{[%clk 1:33:18]} 8. e4 {[%clk 1:32:53]} exd4 {[%clk 1:32:19]} 9. Nxd4
{[%clk 1:33:09]} Re8 {[%clk 1:32:43]} 10. Re1 {[%clk 1:31:02]} Nc5
{[%clk 1:32:46]} 11. Rb1 {[%clk 1:29:44]} Ng4 {[%clk 1:27:50]} 12. Nb3
{[%clk 1:10:59]} Ne5 {[%clk 1:14:20]} 13. Qe2 {[%clk 0:57:40]} Bg4
{[%clk 1:13:03]} 14. f3 {[%clk 0:57:44]} Be6 {[%clk 1:13:18]} 15. Nxc5
{[%clk 0:48:23]} Bxc4 {[%clk 0:59:31]} 16. Nxb7 {[%clk 0:48:37]} Qb8
{[%clk 0:59:55]} 17. Qe3 {[%clk 0:47:46]} Qxb7 {[%clk 0:59:28]} 18. Rd1
{[%clk 0:48:05]} f5 {[%clk 0:55:55]} 19. b3 {[%clk 0:47:49]} Ba6 {[%clk 0:53:47]}
20. h3 {[%clk 0:41:14]} fxe4 {[%clk 0:51:20]} 21. fxe4 {[%clk 0:41:41]} Rf8
{[%clk 0:49:09]} 22. Ba3 {[%clk 0:29:50]} Rf7 {[%clk 0:44:22]} 23. Nd5
{[%clk 0:30:14]} Raf8 {[%clk 0:42:24]} 24. Rbc1 {[%clk 0:29:25]} c5
{[%clk 0:40:31]} 25. Nf4 {[%clk 0:29:10]} Qe7 {[%clk 0:36:18]} 26. Rc2
{[%clk 0:23:20]} g5 {[%clk 0:33:40]} 27. Nd5 {[%clk 0:20:04]} Qd8
{[%clk 0:34:04]} 28. Kh1 {[%clk 0:19:51]} Nf3 {[%clk 0:26:46]} 29. Bb2
{[%clk 0:19:49]} Bd4 {[%clk 0:26:45]} 30. Bxd4 {[%clk 0:19:12]} cxd4
{[%clk 0:27:08]} 31. Qc1 {[%clk 0:15:43]} d3 {[%clk 0:26:15]} 32. Rf2
{[%clk 0:15:56]} d2 {[%clk 0:18:15]} 33. Qc3 {[%clk 0:15:26]} g4 {[%clk 0:15:24]}
34. hxg4 {[%clk 0:14:22]} Ne5 {[%clk 0:15:21]} 35. Rxf7 {[%clk 0:14:26]} Rxf7
{[%clk 0:15:46]} 36. Qxd2 {[%clk 0:14:16]} Nxg4 {[%clk 0:15:54]} 37. Nf4
{[%clk 0:13:08]} Qb6 {[%clk 0:14:39]} 38. Nh3 {[%clk 0:10:36]} Ne3
{[%clk 0:13:46]} 39. Re1 {[%clk 0:10:39]} Nxg2 {[%clk 0:13:17]} 40. Kxg2
{[%clk 0:11:02]} Bb7 {[%clk 0:13:13]} 41. Nf4 {[%clk 0:06:27]} Qc5
{[%clk 0:08:43]} 42. Ne6 {[%clk 0:05:08]} Qe5 {[%clk 0:08:58]} 43. Qg5+
{[%clk 0:05:26]} Qxg5 {[%clk 0:09:21]} 44. Nxg5 {[%clk 0:05:53]} Re7
{[%clk 0:08:58]} 45. Kf3 {[%clk 0:03:45]} h6 {[%clk 0:05:02]} 46. Nh3
{[%clk 0:04:10]} Rf7+ {[%clk 0:04:11]} 47. Nf4 {[%clk 0:04:26]} Re7
{[%clk 0:04:32]} 48. Re3 {[%clk 0:04:20]} Re5 {[%clk 0:04:50]} 49. Ne2
{[%clk 0:03:20]} d5 {[%clk 0:04:04]} 50. exd5 {[%clk 0:03:31]} Bxd5+
{[%clk 0:04:24]} 51. Kf4 {[%clk 0:03:39]} Rxe3 {[%clk 0:02:03]} 52. Kxe3
{[%clk 0:04:06]} Kg7 {[%clk 0:02:02]} 53. Nd4 {[%clk 0:04:04]} Kf6
{[%clk 0:02:14]} 54. Kf4 {[%clk 0:04:31]} h5 {[%clk 0:01:42]} 55. a3
{[%clk 0:01:20]} Bf7 {[%clk 0:02:00]} 56. b4 {[%clk 0:01:41]} a6 {[%clk 0:02:05]}
57. Nc6 {[%clk 0:01:38]} Be8 {[%clk 0:01:47]} 58. Nd4 {[%clk 0:01:37]} Bd7
{[%clk 0:02:01]} 59. Nb3 {[%clk 0:01:46]} Bb5 {[%clk 0:01:29]} 60. Nc5
{[%clk 0:02:10]} Bf1 {[%clk 0:01:31]} 61. a4 {[%clk 0:01:39]} Bc4
{[%clk 0:01:24]} 62. a5 {[%clk 0:01:18]} Bf1 {[%clk 0:01:24]} 63. Ne4+
{[%clk 0:01:37]} Kg6 {[%clk 0:01:37]} 64. Nc3 {[%clk 0:01:44]} Bg2
{[%clk 0:00:49]} 65. b5 {[%clk 0:01:55]} axb5 {[%clk 0:01:12]} 66. Nxb5
{[%clk 0:02:23]} Bb7 {[%clk 0:01:19]} 67. Nc7 {[%clk 0:02:38]} 1-0

[Event "January Lviv Tradition"]
[Site "Lviv"]
[Date "2017.01.27"]
[Round "8.4"]
[White "Kagramanianz, Vartan"]
[Black "Polulikh, Bogdan"]
[Result "1/2-1/2"]
[BlackElo "2178"]
[WhiteElo "2301"]
[LiveChessVersion "1.4.8"]

1. d4 {[%clk 1:30:59]} Nf6 {[%clk 1:30:53]} 2. Nf3 {[%clk 1:31:23]} g6
{[%clk 1:31:08]} 3. Bg5 {[%clk 1:31:48]} Bg7 {[%clk 1:31:01]} 4. Nbd2
{[%clk 1:32:05]} d5 {[%clk 1:31:16]} 5. e3 {[%clk 1:32:19]} O-O {[%clk 1:31:32]}
6. Be2 {[%clk 1:32:27]} Nbd7 {[%clk 1:30:26]} 7. O-O {[%clk 1:32:12]} Re8
{[%clk 1:30:46]} 8. c4 {[%clk 1:31:36]} c5 {[%clk 1:30:43]} 9. cxd5
{[%clk 1:29:27]} Nxd5 {[%clk 1:12:58]} 10. Nc4 {[%clk 1:26:48]} h6
{[%clk 1:06:42]} 11. Bh4 {[%clk 1:24:15]} cxd4 {[%clk 1:02:03]} 12. Nxd4
{[%clk 1:23:58]} N7b6 {[%clk 0:55:34]} 13. Nb5 {[%clk 1:18:52]} Nxc4
{[%clk 0:41:23]} 14. Bxc4 {[%clk 1:19:11]} Be6 {[%clk 0:41:18]} 15. Qb3
{[%clk 1:17:38]} a6 {[%clk 0:36:28]} 16. Rad1 {[%clk 1:12:10]} axb5
{[%clk 0:36:41]} 17. Bxd5 {[%clk 1:12:34]} Qb6 {[%clk 0:37:06]} 18. a3
{[%clk 1:11:25]} Ra4 {[%clk 0:31:19]} 19. Bg3 {[%clk 1:09:46]} Rc4
{[%clk 0:29:44]} 20. h3 {[%clk 0:54:17]} Bxd5 {[%clk 0:27:58]} 21. Rxd5
{[%clk 0:54:41]} Rc5 {[%clk 0:28:22]} 22. Rfd1 {[%clk 0:52:26]} Rec8
{[%clk 0:27:06]} 23. Rxc5 {[%clk 0:44:15]} Qxc5 {[%clk 0:26:53]} 24. Rd5
{[%clk 0:41:33]} Qc1+ {[%clk 0:26:49]} 25. Kh2 {[%clk 0:41:49]} Qxb2
{[%clk 0:27:13]} 26. Rxb5 {[%clk 0:41:27]} Qxb3 {[%clk 0:25:08]} 27. Rxb3
{[%clk 0:41:46]} Ra8 {[%clk 0:25:20]} 28. Rxb7 {[%clk 0:41:18]} Bf8
{[%clk 0:23:48]} 29. Rb3 {[%clk 0:40:28]} f6 {[%clk 0:22:48]} 30. f3
{[%clk 0:35:49]} e5 {[%clk 0:22:49]} 1/2-1/2

[Event "January Lviv Tradition"]
[Site "Lviv"]
[Date "2017.01.27"]
[Round "8.5"]
[White "Bykovskiy, Oleg"]
[Black "Shpanko, Nadiia"]
[Result "1/2-1/2"]
[BlackElo "2018"]
[WhiteElo "2327"]
[LiveChessVersion "1.4.8"]

1. e4 {[%clk 1:30:58]} c5 {[%clk 1:30:45]} 2. c3 {[%clk 1:31:24]} Nf6
{[%clk 1:31:08]} 3. e5 {[%clk 1:31:52]} Nd5 {[%clk 1:31:31]} 4. d4
{[%clk 1:32:18]} cxd4 {[%clk 1:31:33]} 5. cxd4 {[%clk 1:32:43]} d6
{[%clk 1:31:52]} 6. Nf3 {[%clk 1:33:09]} e6 {[%clk 1:32:15]} 7. Bc4
{[%clk 1:33:33]} Nc6 {[%clk 1:31:54]} 8. O-O {[%clk 1:33:51]} Be7
{[%clk 1:32:17]} 9. Qe2 {[%clk 1:34:17]} O-O {[%clk 1:32:37]} 10. Nc3
{[%clk 1:34:42]} Nxc3 {[%clk 1:32:16]} 11. bxc3 {[%clk 1:33:36]} dxe5
{[%clk 1:32:06]} 12. dxe5 {[%clk 1:33:40]} Qa5 {[%clk 1:31:02]} 13. Qe4
{[%clk 1:33:13]} Qa4 {[%clk 1:27:38]} 14. Bg5 {[%clk 1:31:56]} h6
{[%clk 1:27:20]} 15. Bf6 gxf6 {[%clk 1:27:40]} 16. Qg4+ {[%clk 1:32:34]} Kh8
{[%clk 1:28:06]} 17. Qh4 {[%clk 1:32:58]} fxe5 {[%clk 1:28:31]} 18. Qxh6+
{[%clk 1:33:24]} Kg8 {[%clk 1:29:00]} 19. Bd3 {[%clk 1:33:44]} f5
{[%clk 1:29:27]} 20. Qg6+ {[%clk 1:34:09]} Kh8 {[%clk 1:29:54]} 21. Qh6+
{[%clk 1:34:33]} Kg8 {[%clk 1:30:22]} 22. Qg6+ {[%clk 1:34:56]} Kh8
{[%clk 1:30:41]} 23. Qh6+ {[%clk 1:35:20]} Kg8 {[%clk 1:31:09]} 24. Qg6+ 1/2-1/2

[Event "January Lviv Tradition"]
[Site "Lviv"]
[Date "2017.01.28"]
[Round "9.2"]
[White "Polulikh, Bogdan"]
[Black "Bykovskiy, Oleg"]
[Result "1/2-1/2"]
[BlackElo "2327"]
[WhiteElo "2178"]
[LiveChessVersion "1.4.8"]

1. e4 {[%clk 1:29:46]} e5 {[%clk 1:30:56]} 2. Nf3 {[%clk 1:30:11]} Nf6
{[%clk 1:31:21]} 3. Nxe5 {[%clk 1:30:28]} d6 {[%clk 1:31:38]} 4. Nf3
{[%clk 1:30:54]} Nxe4 {[%clk 1:32:03]} 5. Qe2 {[%clk 1:31:18]} Qe7
{[%clk 1:32:27]} 6. d3 {[%clk 1:31:42]} Nf6 {[%clk 1:32:52]} 7. Bg5
{[%clk 1:32:00]} Nbd7 {[%clk 1:33:13]} 8. Qxe7+ {[%clk 1:31:31]} Bxe7
{[%clk 1:33:38]} 9. Nc3 {[%clk 1:31:52]} c6 {[%clk 1:33:51]} 10. Be2
{[%clk 1:32:17]} O-O {[%clk 1:34:11]} 11. O-O {[%clk 1:32:42]} Re8
{[%clk 1:34:11]} 12. Rfe1 {[%clk 1:32:18]} Nf8 {[%clk 1:34:28]} 13. Bf1
{[%clk 1:31:50]} Bd7 {[%clk 1:33:40]} 14. Ne4 {[%clk 1:27:25]} Nxe4
{[%clk 1:32:32]} 15. Rxe4 {[%clk 1:27:34]} Bxg5 {[%clk 1:32:19]} 16. Nxg5
{[%clk 1:27:54]} Ne6 {[%clk 1:30:56]} 17. Nxe6 {[%clk 1:28:10]} Rxe6
{[%clk 1:31:21]} 18. Rae1 {[%clk 1:28:30]} Rae8 {[%clk 1:31:46]} 19. Rxe6
{[%clk 1:28:55]} Rxe6 {[%clk 1:32:12]} 20. Rxe6 {[%clk 1:29:20]} Bxe6
{[%clk 1:32:38]} 21. b3 {[%clk 1:29:09]} a5 {[%clk 1:32:22]} 22. f4
{[%clk 1:28:41]} f6 {[%clk 1:31:50]} 23. Kf2 {[%clk 1:28:36]} Kf7
{[%clk 1:32:11]} 24. Ke3 {[%clk 1:28:50]} Bf5 {[%clk 1:31:49]} 25. Be2
{[%clk 1:28:59]} g6 {[%clk 1:32:09]} 26. Bf3 {[%clk 1:29:16]} h5 {[%clk 1:32:11]}
27. Be4 {[%clk 1:29:29]} Ke6 {[%clk 1:32:25]} 28. g3 {[%clk 1:27:34]} Bxe4
{[%clk 1:31:49]} 29. Kxe4 {[%clk 1:27:59]} f5+ {[%clk 1:31:49]} 30. Kd4
{[%clk 1:28:11]} b5 {[%clk 1:30:50]} 31. h4 {[%clk 1:28:36]} 1/2-1/2

[Event "January Lviv Tradition"]
[Site "Lviv"]
[Date "2017.01.28"]
[Round "9.3"]
[White "Terletsky, Oleg"]
[Black "Kagramanianz, Vartan"]
[Result "1/2-1/2"]
[BlackElo "2301"]
[WhiteElo "2312"]
[LiveChessVersion "1.4.8"]

1. e4 {[%clk 1:30:58]} e6 {[%clk 1:30:10]} 2. d4 {[%clk 1:31:19]} d5
{[%clk 1:29:37]} 3. exd5 {[%clk 1:30:57]} exd5 {[%clk 1:29:36]} 4. Nf3
{[%clk 1:31:07]} Nf6 {[%clk 1:29:20]} 5. Bd3 {[%clk 1:31:22]} Bd6
{[%clk 1:29:31]} 6. O-O {[%clk 1:31:05]} O-O {[%clk 1:29:27]} 7. Bg5
{[%clk 1:30:39]} Bg4 {[%clk 1:29:51]} 8. Nbd2 {[%clk 1:31:05]} Nbd7
{[%clk 1:30:00]} 9. Bh4 {[%clk 1:31:30]} c6 {[%clk 1:30:01]} 10. c3
{[%clk 1:29:29]} Qc7 {[%clk 1:29:49]} 11. Bg3 {[%clk 1:28:53]} Rae8
{[%clk 1:29:23]} 12. Qc2 {[%clk 1:28:56]} Bh5 {[%clk 1:25:57]} 13. Rae1
{[%clk 1:28:57]} Bg6 {[%clk 1:20:51]} 14. b3 {[%clk 1:29:21]} Rxe1
{[%clk 1:18:22]} 15. Rxe1 {[%clk 1:29:15]} Re8 {[%clk 1:18:01]} 16. Rxe8+
{[%clk 1:28:49]} Nxe8 {[%clk 1:17:55]} 17. Nf1 {[%clk 1:29:06]} Ndf6
{[%clk 1:16:59]} 18. Bxg6 {[%clk 1:29:15]} hxg6 {[%clk 1:17:14]} 19. Ne3
{[%clk 1:29:27]} Bxg3 {[%clk 1:16:19]} 20. hxg3 {[%clk 1:29:46]} Qd6
{[%clk 1:16:25]} 21. b4 {[%clk 1:29:51]} Nc7 {[%clk 1:16:30]} 22. Qd3
{[%clk 1:30:12]} Qe6 {[%clk 1:16:38]} 23. Nd2 {[%clk 1:29:45]} Nfe8
{[%clk 1:15:59]} 24. a4 {[%clk 1:29:29]} Nd6 {[%clk 1:15:16]} 25. f3
{[%clk 1:29:31]} Nf5 {[%clk 1:15:29]} 26. Nxf5 {[%clk 1:29:56]} Qxf5
{[%clk 1:15:53]} 27. Qxf5 {[%clk 1:30:22]} gxf5 {[%clk 1:16:16]} 28. Kf2
{[%clk 1:30:46]} f6 {[%clk 1:16:33]} 29. Ke3 {[%clk 1:31:11]} Kf7
{[%clk 1:16:49]} 30. Nb3 {[%clk 1:30:56]} b6 {[%clk 1:17:05]} 31. Kd3
{[%clk 1:31:13]} 1/2-1/2

[Event "January Lviv Tradition"]
[Site "Lviv"]
[Date "2017.01.28"]
[Round "9.4"]
[White "Bunyatov, Rustam"]
[Black "Nesteretz, Anatoliy"]
[Result "0-1"]
[BlackElo "2416"]
[WhiteElo "2254"]
[LiveChessVersion "1.4.8"]

1. e4 {[%clk 1:27:20]} c5 {[%clk 1:29:39]} 2. Nf3 {[%clk 1:27:45]} Nc6
{[%clk 1:28:48]} 3. Bb5 {[%clk 1:27:44]} g6 {[%clk 1:21:45]} 4. Bxc6
{[%clk 1:28:09]} bxc6 {[%clk 1:21:54]} 5. d3 {[%clk 1:28:23]} Bg7
{[%clk 1:18:30]} 6. Nbd2 {[%clk 1:27:30]} Rb8 {[%clk 1:17:47]} 7. Rb1
{[%clk 1:27:25]} d6 {[%clk 1:15:16]} 8. b3 {[%clk 1:27:18]} e5 {[%clk 1:14:56]}
9. O-O {[%clk 1:26:38]} f5 {[%clk 1:14:02]} 10. exf5 {[%clk 1:26:09]} gxf5
{[%clk 1:13:56]} 11. Nc4 {[%clk 1:26:24]} Nf6 {[%clk 1:06:34]} 12. Bb2
{[%clk 1:22:48]} Rb7 {[%clk 1:03:48]} 13. Nfxe5 {[%clk 1:21:36]} dxe5
{[%clk 1:04:01]} 14. Bxe5 {[%clk 1:21:59]} O-O {[%clk 1:03:10]} 15. Bd6
{[%clk 1:20:59]} Re8 {[%clk 1:01:33]} 16. Bxc5 {[%clk 1:20:46]} Bf8
{[%clk 0:58:07]} 17. Bxf8 {[%clk 1:16:27]} Rxf8 {[%clk 0:58:32]} 18. Qd2
{[%clk 1:14:40]} Rg7 {[%clk 0:57:51]} 19. f3 {[%clk 1:14:33]} Nd5
{[%clk 0:47:40]} 20. f4 {[%clk 1:12:29]} c5 {[%clk 0:44:41]} 21. Rbe1
{[%clk 1:07:48]} Bb7 {[%clk 0:44:16]} 22. Rf2 {[%clk 1:08:04]} Nf6
{[%clk 0:37:03]} 23. Ne3 {[%clk 1:00:37]} Qd4 {[%clk 0:34:17]} 24. Kf1
{[%clk 1:00:21]} Nh5 {[%clk 0:32:22]} 25. g3 {[%clk 0:56:32]} Kh8
{[%clk 0:31:37]} 26. Ree2 {[%clk 0:53:26]} Nxg3+ {[%clk 0:16:19]} 27. hxg3
{[%clk 0:53:33]} Rxg3 {[%clk 0:16:45]} 28. Nd1 {[%clk 0:41:30]} Qg7
{[%clk 0:12:47]} 29. Ke1 {[%clk 0:40:46]} Bf3 {[%clk 0:12:01]} 30. Re3
{[%clk 0:38:44]} Rg1+ {[%clk 0:09:23]} 31. Rf1 {[%clk 0:39:09]} Qg3+
{[%clk 0:05:57]} 32. Qf2 {[%clk 0:38:49]} Rxf1+ {[%clk 0:05:41]} 33. Kxf1
{[%clk 0:39:13]} Qh3+ {[%clk 0:06:00]} 34. Ke1 {[%clk 0:39:34]} Qh1+
{[%clk 0:06:24]} 35. Kd2 {[%clk 0:39:45]} Qxd1+ {[%clk 0:06:37]} 36. Kc3
{[%clk 0:40:12]} Qa1+ {[%clk 0:06:43]} 37. Kd2 {[%clk 0:40:36]} Bh5
{[%clk 0:06:20]} 38. Re5 {[%clk 0:39:28]} Qd4 {[%clk 0:05:29]} 39. Qh4
{[%clk 0:39:56]} Bg6 {[%clk 0:04:25]} 40. Qg5 {[%clk 0:36:49]} Qd6
{[%clk 0:04:19]} 41. Qg1 {[%clk 0:35:14]} Kg7 {[%clk 0:04:06]} 42. Qe3
{[%clk 0:35:10]} Qd4 {[%clk 0:03:51]} 43. Qg3 {[%clk 0:34:42]} Rf7
{[%clk 0:04:01]} 44. c3 {[%clk 0:34:39]} Qd6 {[%clk 0:04:07]} 45. Qe3
{[%clk 0:35:07]} c4 {[%clk 0:02:58]} 46. bxc4 {[%clk 0:35:23]} Qa3
{[%clk 0:01:47]} 47. Qd4 {[%clk 0:32:11]} Qxa2+ {[%clk 0:02:02]} 48. Ke1
{[%clk 0:31:50]} Qb1+ {[%clk 0:02:13]} 49. Kf2 {[%clk 0:32:11]} Qb6
{[%clk 0:02:18]} 50. c5 {[%clk 0:31:53]} Qf6 {[%clk 0:02:41]} 51. c4
{[%clk 0:30:50]} a5 {[%clk 0:00:59]} 52. Ke3 {[%clk 0:31:12]} Kh6
{[%clk 0:01:02]} 53. Qa1 {[%clk 0:30:09]} Ra7 {[%clk 0:00:57]} 54. d4
{[%clk 0:30:12]} Qh4 {[%clk 0:01:06]} 55. Qg1 {[%clk 0:26:28]} a4
{[%clk 0:01:27]} 56. c6 {[%clk 0:25:21]} a3 {[%clk 0:01:52]} 57. d5
{[%clk 0:25:42]} a2 {[%clk 0:02:12]} 58. Qa1 {[%clk 0:26:08]} Qg3+
{[%clk 0:02:18]} 59. Kd4 {[%clk 0:26:20]} Qf2+ {[%clk 0:02:18]} 60. Kc3
{[%clk 0:26:04]} Qb6 {[%clk 0:01:25]} 61. Qh1+ {[%clk 0:25:33]} Kg7
{[%clk 0:01:43]} 62. Qa1 {[%clk 0:25:58]} Ra3+ {[%clk 0:01:28]} 63. Kd2
{[%clk 0:26:22]} Qb4+ {[%clk 0:01:18]} 64. Ke2 {[%clk 0:26:34]} Qxc4+
{[%clk 0:01:41]} 65. Kf2 {[%clk 0:26:13]} Qxf4+ {[%clk 0:02:06]} 66. Ke1
{[%clk 0:26:35]} Qg3+ {[%clk 0:02:06]} 67. Kd2 {[%clk 0:26:29]} Qd3+
{[%clk 0:02:28]} 0-1

[Event "January Lviv Tradition"]
[Site "Lviv"]
[Date "2017.01.28"]
[Round "9.5"]
[White "Lagashin, Pavel"]
[Black "Sevostianov, Pavel"]
[Result "1/2-1/2"]
[BlackElo "2262"]
[WhiteElo "2207"]
[LiveChessVersion "1.4.8"]

1. Nf3 {[%clk 1:28:36]} Nf6 {[%clk 1:30:34]} 2. c4 {[%clk 1:29:02]} e6
{[%clk 1:30:58]} 3. d4 {[%clk 1:27:01]} b6 {[%clk 1:31:25]} 4. a3
{[%clk 1:27:29]} Bb7 {[%clk 1:31:51]} 5. Nc3 {[%clk 1:27:57]} d5 {[%clk 1:31:38]}
6. Bg5 {[%clk 1:25:47]} Be7 {[%clk 1:32:05]} 7. Qa4+ {[%clk 1:26:14]} Qd7
{[%clk 1:30:02]} 8. Qc2 {[%clk 1:26:41]} dxc4 {[%clk 1:28:26]} 9. e4
{[%clk 1:24:45]} b5 {[%clk 1:25:11]} 10. Rd1 {[%clk 1:08:52]} a6 {[%clk 1:22:20]}
11. Be2 {[%clk 1:09:17]} O-O {[%clk 1:22:47]} 12. O-O {[%clk 1:09:43]} Rd8
{[%clk 1:19:49]} 13. Rfe1 {[%clk 1:05:23]} Qe8 {[%clk 1:20:13]} 14. d5
{[%clk 1:05:49]} Nbd7 {[%clk 1:06:13]} 15. a4 {[%clk 1:06:16]} Nc5
{[%clk 1:03:17]} 16. axb5 {[%clk 1:00:01]} axb5 {[%clk 1:03:45]} 17. Nd4
{[%clk 1:00:29]} b4 {[%clk 1:04:10]} 18. Bxf6 {[%clk 0:59:15]} Bxf6
{[%clk 1:04:00]} 19. Ncb5 {[%clk 0:59:20]} Bxd4 {[%clk 1:02:13]} 20. Nxd4
{[%clk 0:59:47]} exd5 {[%clk 0:53:25]} 21. exd5 {[%clk 1:00:15]} Bxd5
{[%clk 0:53:51]} 22. Bxc4 {[%clk 1:00:42]} Qf8 {[%clk 0:54:13]} 23. Bxd5
{[%clk 0:50:18]} Rxd5 {[%clk 0:54:40]} 24. h3 {[%clk 0:50:46]} Rad8
{[%clk 0:55:03]} 25. Nc6 {[%clk 0:48:05]} Rxd1 {[%clk 0:52:29]} 26. Rxd1
{[%clk 0:48:33]} Rxd1+ {[%clk 0:52:56]} 27. Qxd1 {[%clk 0:49:01]} Ne6
{[%clk 0:53:23]} 28. Qb3 {[%clk 0:49:27]} Qc5 {[%clk 0:53:22]} 29. Nxb4
{[%clk 0:49:52]} Qc1+ {[%clk 0:53:49]} 30. Kh2 {[%clk 0:50:20]} Qf4+
{[%clk 0:54:14]} 1/2-1/2